• 首页
  • 本馆介绍
  • 公告通知
  • 最新文献
  • 馆藏检索
  • 电子资源
  • 读者导购
  • 参考咨询
  • 我的图书馆
  • 登录
  • 详细信息显示
  • 放入我的书架
  • 预约/预借图书
  • 作者相关作品
  • 分类相关作品
  • 丛书相关作品
  • 出版社相关作品

书目信息

  • 表格格式
  • 工作单格式
  • 卡片格式
题名:
联合特战
    
 
作者: 宁凌 , 张怀璧 , 刘新 编著
分册:  
出版信息: 北京   军事谊文出版社  2006
页数: 5, 254页
开本: 20cm
丛书名: 新理念战争丛书
单 册:
中图分类: E837
科图分类:
主题词: 空袭--研究--Kong Xi , 战术学
电子资源:
ISBN: 7-80150-523-9
000 01112nam0 2200349 450
000 01075nam0 2200337 450
000 01307nam0 2200349 450
000 01253nam0 2200325 450
000 01271nam0 2200313 450
000 01234nam0 2200301 45
001 0195145364
005 20061210144420.71
010    @a7-80150-523-9@dCNY17.00
100    @a20060829d ekmy0chiy0110 ea
101 0  @achi
102    @aCN@b110000
105    @ak z 000yy
200 1  @a联合特战@Alian he te zhan@f宁凌,张怀璧,刘新编著@FNing Ling, Zhang Huai Bi, Liu Xin Bian Zhu
210    @a北京@c军事谊文出版社@d2006
215    @a5, 254页@d20cm
225 2  @a新理念战争丛书@AXin Li Nian Zhan Zheng Cong Shu
410  0 @12001 @a新理念战争丛书
606 0  @a空袭@x研究@AKong Xi
606 0  @a战术学
690    @aE837@v3
701  0 @a宁凌@Aning ling@4编著
701  0 @a张怀璧@Azhang huai bi@4编著
701  0 @a刘新@Aliu xin@4编著
801  2 @aCN@b中图数据@c20061210
905    @a10447@dE837@e25
    
    联合特战/宁凌,张怀璧,刘新编著.-北京:军事谊文出版社,2006
    5, 254页;20cm.-(新理念战争丛书)
    
    
    ISBN 7-80150-523-9:CNY17.00
    
●
相关链接 在E读中查询图书 在五车中查询图书 在当当中查询图书 在豆瓣中查询图书


正题名:联合特战     索取号:E837/25         预约/预借

序号 登录号 条形码 馆藏地/架位号 状态 备注
1 0607232   206072328   第一样本阅览室/ [索取号:E837/25] 在馆    
2 0607233   206072337   第一借阅区/ [索取号:E837/25] 在馆    
3 0607234   206072346   第一借阅区/ [索取号:E837/25] 在馆    
4 0607235   206072355   第一借阅区/ [索取号:E837/25] 在馆    
5 0607236   206072364   第一借阅区/ [索取号:E837/25] 在馆    
唐山师范学院图书馆 欢迎您!
大连网信软件有限公司© 版权所有